000 00453pab a2200157 454500
008 180718b2007 xxu||||| |||| 00| 0 eng d
100 _aRethemeyer, R. Karl
245 _aThe empires strike back: is the internet corporatizing rather than democratizing policy processes?
260 _c2007
300 _ap.199-215.
362 _aMar-Apr
650 _aWorkers participation
773 _aPublic Administration Review
908 _aN
909 _a75368
999 _c75368
_d75368